| 000 | 00570cam a2200217 4500 | ||
|---|---|---|---|
| 001 | 17889 | ||
| 005 | 20230410103521.0 | ||
| 008 | 060907s2003 dr spa | ||
| 020 | _a9993432253 | ||
| 035 | _9funglode18030 | ||
| 041 | _aspa | ||
| 050 | 1 | 4 |
_a118 PQ 7409 _bH557c 2003 |
| 082 | 0 | 0 | _aRD863.44 |
| 100 | 1 |
_aHernández Núñez, Angela, _d1954-. |
|
| 245 | 1 | 0 |
_aCharamicos / _cAngela Hernández |
| 260 |
_aSanto Domingo : _bEditora Cole, _c2003 |
||
| 300 | _a350 p. | ||
| 650 | 4 | _aNovela dominicana | |
| 650 | 4 | _aLliteratura dominicana | |
| 942 |
_2lcc _cbk |
||
| 999 |
_c20386 _d20386 |
||